The compendium of every-day wants; (Record no. 13277)

MARC details
000 -LEADER
fixed length control field 00523nam a22001451 4500
001 - CONTROL NUMBER
control field c 98000359
003 - CONTROL NUMBER IDENTIFIER
control field DLC
005 - DATE AND TIME OF LATEST TRANSACTION
control field 20260227111040.0
008 - FIXED-LENGTH DATA ELEMENTS--GENERAL INFORMATION
fixed length control field 801210s1898 pauaf 00000 eng
010 ## - LIBRARY OF CONGRESS CONTROL NUMBER
LC control number c 98000359
100 10 - MAIN ENTRY--PERSONAL NAME
Personal name Minter, Luther.
245 04 - TITLE STATEMENT
Title The compendium of every-day wants;
Remainder of title or, Practical information for the millions; being four books in one volume ...
Statement of responsibility, etc. With an introduction by H. A. Davis ...
260 0# - PUBLICATION, DISTRIBUTION, ETC.
Place of publication, distribution, etc. Harrisburg, Pa.,
Name of publisher, distributor, etc. The Minter co.
Date of publication, distribution, etc. [1898]
300 ## - PHYSICAL DESCRIPTION
Extent xx, 5-608, xxiv p.
Other physical details illus., pl.
Dimensions 8⁰.

No items available.

Powered by Koha